Medaillenspiegel der Olympischen Winterspiele 2026 - Statistiken

Allgemein
  • Dieses Quiz wurde 83 mal gespielt
    67 seit der letzten Aktualisierung
  • Das Durchschnittsergebnis liegt bei 17 aus 20
Antwortstatistiken
# Land Gold Silber Bronze Gesamt % Korrekt
5 Deutschland 8 10 8 26
100%
1 Norwegen 18 12 11 41
98%
2 Vereinigte Staaten 12 12 9 33
98%
4 Italien 10 6 14 30
97%
10 Japan 5 7 12 24
97%
11 Kanada 5 7 9 21
97%
9 Österreich 5 8 5 18
95%
7 Schweden 8 6 4 18
95%
6 Frankreich 8 9 6 23
93%
3 Niederlande 10 7 3 20
93%
8 Schweiz 6 9 8 23
93%
12 China 5 4 6 15
92%
15 Vereinigtes Königreich 3 1 1 5
82%
13 Südkorea 3 4 3 10
75%
17 Slowenien 2 1 1 4
72%
16 Tschechien 2 2 1 5
68%
19 Brasilien 1 0 0 1
67%
14 Australien 3 2 1 6
65%
18 Spanien 1 0 2 3
60%
19 Kasachstan 1 0 0 1
42%
Keine übereinstimmenden Quizze gefunden
Verteilung der Resultate
Anzahl Personen mit jedem Resultat
Perzentil nach korrekt beantworteten Fragen
Ihre Resultats-Entwicklung
Sie haben dieses Quiz seit der letzten Aktualisierung nicht gespielt